000
00288nam a2200109Ia 4500
008
220204s9999 xx 000 0 und d
082
_a
678.057.74:678.5
_b
MIN
100
_a
Mink, Walter
245
0
_a
Practical injection moulding of plastics
260
_a
London
_b
Iliffe
_c
1964
942
_c
BK
999
_c
22451
_d
22451